[Event "ESP-chT CECLUB Div1"]
[Site "Sanxenxo"]
[Date "2022.09.21"]
[Round "5.3"]
[White "Fier, Alexandr"]
[Black "Andersen, Mads"]
[Result "1/2-1/2"]
[WhiteElo "2583"]
[BlackElo "2597"]
[PlyCount "65"]
[EventDate "2022.09.17"]
[EventType "team-tourn"]
[EventRounds "7"]
[EventCountry "ESP"]
[SourceTitle "CBM 210 Extra"]
[Source "ChessBase"]
[SourceDate "2022.11.30"]
[SourceVersion "1"]
[SourceVersionDate "2022.11.30"]
[SourceQuality "1"]
[WhiteTeam "Myinvestor Casablanca"]
[BlackTeam "Ourense Deportivo"]
[WhiteTeamCountry "ESP"]
[BlackTeamCountry "ESP"]

1. e4 e5 2. Nf3 Nc6 3. Bc4 Nf6 4. d3 Bc5 5. Bg5 h6 6. Bh4 d6 7. c3 a6 8. Nbd2 Ba7 9. 0-0 Qe7 10. Kh1 g5 11. Bg3 0-0 12. a4 Nh5 13. b4 Qf6 14. Ne1 Qg6 15. Nc2 Kg7 16. b5 Ne7 17. bxa6 bxa6 18. d4 f5 19. exf5 Bxf5 20. Rc1 Nxg3+ 21. hxg3 Qf6 22. Bxa6 exd4 23. cxd4 Bb6 24. Bb5 c6 25. Bc4 Rxa4 26. Ne3 Rb4 27. Nb3 d5 28. Bd3 Bxd3 29. Qxd3 h5 30. Rce1 Rf7 31. Re2 Ra4 32. Rd1 Ra8 33. Kg1 1/2-1/2

[Event "ESP-chT CECLUB Div1"]
[Site "Sanxenxo"]
[Date "2022.09.20"]
[Round "4.3"]
[White "Andersen, Mads"]
[Black "Suarez Uriel, Adrian"]
[Result "1-0"]
[WhiteElo "2597"]
[BlackElo "2375"]
[PlyCount "107"]
[EventDate "2022.09.17"]
[EventType "team-tourn"]
[EventRounds "7"]
[EventCountry "ESP"]
[SourceTitle "CBM 210 Extra"]
[Source "ChessBase"]
[SourceDate "2022.11.30"]
[SourceVersion "1"]
[SourceVersionDate "2022.11.30"]
[SourceQuality "1"]
[WhiteTeam "Ourense Deportivo"]
[BlackTeam "Collado Villalba"]
[WhiteTeamCountry "ESP"]
[BlackTeamCountry "ESP"]

1. e4 c5 2. Nf3 d6 3. d4 cxd4 4. Nxd4 Nf6 5. Nc3 a6 6. f3 e5 7. Nb3 Be6 8. Be3 Be7 9. Qd2 h5 10. Be2 Nbd7 11. Nd5 Nxd5 12. exd5 Bf5 13. 0-0 Rc8 14. Rac1 0-0 15. Na5 Qc7 16. c4 Bg6 17. Rfd1 Qb8 18. b4 f5 19. c5 f4 20. Bf2 Nf6 21. c6 b5 22. Bd3 Bf7 23. Be4 Nxe4 24. fxe4 Rc7 25. Qe2 g5 26. a4 Bg6 27. axb5 axb5 28. Nb7 Rxb7 29. cxb7 Qxb7 30. Ra1 Rf7 31. Rdc1 f3 32. gxf3 Qd7 33. Ra8+ Kg7 34. Ra7 Qh3 35. Rcc7 Kf8 36. Ra8+ Kg7 37. Raa7 Kf8 38. Be3 Rxf3 39. Rxe7 Rxe3 40. Qf1+ Qxf1+ 41. Kxf1 Rxe4 42. Re6 Rf4+ 43. Ke1 Bf7 44. Rxd6 Kg7 45. Re6 Re4+ 46. Kf2 Kg8 47. Ra8+ Kg7 48. Ra7 Kg8 49. Ree7 Rf4+ 50. Ke3 Bxd5 51. Rxe5 Rf3+ 52. Ke2 Bc6 53. Rxg5+ Kf8 54. Rxh5 1-0